[Event "XXII Festival Conca della Presolana Magistrale"]
[Site "Bratto - Castione della Presolana ITA"]
[Date "2002.08.24"]
[Round "5"]
[White "Mascheroni, Maurizio"]
[Black "Scotti, Umberto"]
[Result "1/2-1/2"]
[WhiteElo "2068"]
[BlackElo "2166"]
[PlyCount "45"]
[EventDate "2002.08.20"]

1.e4 e6 2.d4 d5 3.Nd2 c5 4.exd5 Qxd5 5.Ngf3 cxd4 6.Bc4 Qd6 7.O-O Nf6 8.Nb3
Nc6 9.Nbxd4 Nxd4 10.Qxd4 a6 11.Bf4 Qxd4 12.Nxd4 Bc5 13.Nb3 Be7 14.Rad1 O-O
15.Bd6 Bxd6 16.Rxd6 b5 17.Be2 Ra7 18.Bf3 Rc7 19.c3 Rd7 20.Rfd1 Rfd8 21.
Rxd7 Rxd7 22.Rxd7 Nxd7 23.Na5 1/2-1/2

[Event "XXII Festival Conca della Presolana Magistrale"]
[Site "Bratto - Castione della Presolana ITA"]
[Date "2002.08.24"]
[Round "5"]
[White "Mazzariol, Oscar"]
[Black "Radice, Luca"]
[Result "0-1"]
[WhiteElo "2151"]
[BlackElo "2064"]
[PlyCount "50"]
[EventDate "2002.08.20"]

1.d4 d5 2.Nf3 Nf6 3.c4 Bf5 4.g3 c6 5.Bg2 e6 6.O-O h6 7.Nc3 Be7 8.Bf4 O-O 
9.c5 Nbd7 10.b4 Ne4 11.Nxe4 Bxe4 12.a4 g5 13.Be3 a5 14.b5 Bxf3 15.Bxf3 e5 
16.Qd2 f5 17.Bg2 f4 18.Qc2 Qe8 19.bxc6 bxc6 20.Bc1 exd4 21.Bb2 Bxc5 22.Bh3
Ba7 23.Qxc6 Nf6 24.Be6+ Kh7 25.Ba3 Qxc6 0-1

[Event "XXII Festival Conca della Presolana Magistrale"]
[Site "Bratto - Castione della Presolana ITA"]
[Date "2002.08.24"]
[Round "5"]
[White "Osuna Munoz, Xavier"]
[Black "Mantovani, Renzo"]
[Result "0-1"]
[WhiteElo "2113"]
[BlackElo "2369"]
[PlyCount "110"]
[EventDate "2002.08.20"]

1.e4 c5 2.Nc3 Nc6 3.g3 g6 4.Bg2 Bg7 5.f4 Rb8 6.a4 a6 7.Nf3 b5 8.axb5 axb5 
9.d3 d6 10.O-O Nf6 11.h3 O-O 12.Be3 Bd7 13.g4 Ne8 14.Rb1 f5 15.gxf5 gxf5 
16.exf5 Bxf5 17.Ne4 Nc7 18.Ng3 Bg6 19.Nh4 Be8 20.Nh5 Bh6 21.Kh1 Kh8 22.Be4
e5 23.Nf5 Rxf5 24.Bxf5 Qh4 25.Nf6 Qxf6 26.fxe5 Nxe5 27.Bxh6 Qxh6 28.d4 Bh5
29.Qe1 cxd4 30.Qe4 Bg6 31.Kh2 Ne6 32.Bxg6 hxg6 33.Rf6 Ng5 34.Qg2 Nxh3 35.
Qxh3 Ng4+ 36.Kg3 Qxh3+ 37.Kxh3 Nxf6 38.Rd1 Kg7 39.Rxd4 d5 40.c3 g5 41.Rb4 
Kg6 42.Kg2 Kf5 43.b3 Rc8 44.Rxb5 Rxc3 45.b4 g4 46.Rb8 Rb3 47.b5 Rb2+ 48.
Kf1 g3 49.b6 Kf4 50.Rf8 Rxb6 51.Kg2 Rb2+ 52.Kh1 Kf5 53.Rf7 d4 54.Rg7 Nh5 
55.Rf7+ Kg4 0-1

[Event "XXII Festival Conca della Presolana Magistrale"]
[Site "Bratto - Castione della Presolana ITA"]
[Date "2002.08.24"]
[Round "5"]
[White "Pagnoncelli, Marco"]
[Black "Zanellato, Lorenzo"]
[Result "1/2-1/2"]
[WhiteElo "2101"]
[BlackElo "2048"]
[PlyCount "63"]
[EventDate "2002.08.20"]

1.e4 c6 2.d4 d5 3.e5 Bf5 4.h4 h5 5.c4 e6 6.Nc3 Be7 7.Be2 dxc4 8.Bxh5 Nh6 
9.Be2 Bd3 10.Bxd3 cxd3 11.Bxh6 Rxh6 12.Nf3 c5 13.Qxd3 cxd4 14.Qxd4 Qxd4 
15.Nxd4 Rxh4 16.Rxh4 Bxh4 17.Ndb5 Na6 18.Nd6+ Ke7 19.Nce4 f5 20.g3 fxe4 
21.gxh4 Rh8 22.Ke2 Rxh4 23.Rg1 Rh7 24.Nxb7 Nb4 25.Rg4 Nc6 26.Rxe4 Rh5 27.
Nd6 Kd7 28.Nc4 Ne7 29.Rd4+ Nd5 30.Rg4 g5 31.a3 Kc6 32.Kd3 1/2-1/2

[Event "XXII Festival Conca della Presolana Magistrale"]
[Site "Bratto - Castione della Presolana ITA"]
[Date "2002.08.24"]
[Round "5"]
[White "Piva, Giorgio"]
[Black "Capece, Adolivio"]
[Result "1-0"]
[WhiteElo "2135"]
[BlackElo "2067"]
[PlyCount "77"]
[EventDate "2002.08.20"]

1.d4 Nf6 2.Bg5 c6 3.Nd2 Qa5 4.Nf3 Ne4 5.Bf4 d5 6.c3 Nd7 7.Nxe4 dxe4 8.Nd2 
Nf6 9.e3 Bf5 10.Be2 e6 11.Nc4 Qd8 12.Qb3 Qc8 13.a4 Nd5 14.Bg3 Be7 15.Na5 
Nb6 16.c4 e5 17.Bxe5 O-O 18.Bg3 Be6 19.O-O f5 20.Rac1 Qd7 21.Rfd1 Bf7 22.
Qc2 Rac8 23.Nb3 Nxa4 24.c5 b5 25.Na1 g5 26.b3 Bd5 27.Be5 Nxc5 28.dxc5 Qe6 
29.Bd6 Bxd6 30.cxd6 Qxd6 31.Qc5 Qxc5 32.Rxc5 Kf7 33.Bxb5 Bxb3 34.Nxb3 cxb5
35.Rxf5+ Kg6 36.Rxb5 Rc3 37.Rd6+ Kh5 38.h3 Rfc8 39.g4+ 1-0

[Event "XXII Festival Conca della Presolana Magistrale"]
[Site "Bratto - Castione della Presolana ITA"]
[Date "2002.08.24"]
[Round "5"]
[White "Popa, Claudiu"]
[Black "Cugini, Verter"]
[Result "1/2-1/2"]
[WhiteElo "2081"]
[BlackElo "2231"]
[PlyCount "92"]
[EventDate "2002.08.20"]

1.e4 e6 2.d4 d5 3.Nd2 Nf6 4.e5 Ne4 5.Nxe4 dxe4 6.Be3 c5 7.dxc5 Nd7 8.Qg4 
Nxc5 9.Bb5+ Nd7 10.Ne2 Qa5+ 11.Nc3 a6 12.Bxd7+ Bxd7 13.Bd4 Bc6 14.O-O 
O-O-O 15.Rfd1 Rxd4 16.Rxd4 Qxe5 17.Rxe4 Bxe4 18.Qxe4 Qxe4 19.Nxe4 Be7 20.
Rd1 f5 21.Nd6+ Kc7 22.Nc4 Bf6 23.c3 g5 24.f3 h5 25.h3 Be7 26.g3 h4 27.g4 
Rf8 28.Kg2 fxg4 29.fxg4 Rf4 30.Ne5 Bf6 31.Nd3 Ra4 32.a3 Ra5 33.Kf3 Rd5 34.
Ke4 Kd6 35.Rf1 Ke7 36.Rd1 Rd8 37.Rf1 Rc8 38.Ne5 Bxe5 39.Kxe5 Rc5+ 40.Ke4 
Rd5 41.c4 Rd2 42.b4 Re2+ 43.Kd4 Rd2+ 44.Ke4 Re2+ 45.Kd4 Rd2+ 46.Ke4 Re2+ 
1/2-1/2

[Event "XXII Festival Conca della Presolana Magistrale"]
[Site "Bratto - Castione della Presolana ITA"]
[Date "2002.08.24"]
[Round "5"]
[White "Ranieri, Fabrizio"]
[Black "Aglietti, Graziano"]
[Result "1-0"]
[WhiteElo "2161"]
[BlackElo "2069"]
[PlyCount "59"]
[EventDate "2002.08.20"]

1.e4 e5 2.Bc4 Nf6 3.Nf3 d5 4.exd5 e4 5.Ne5 Bd6 6.d4 exd3 7.Nxd3 O-O 8.O-O 
Ng4 9.f4 Bf5 10.h3 Nh6 11.Nc3 Nd7 12.Be3 Re8 13.Qf3 Bxd3 14.cxd3 Rxe3 15.
Qxe3 Bc5 16.d4 Nf5 17.Qd3 Bxd4+ 18.Kh2 Qf6 19.Ne4 Qg6 20.g4 Ne5 21.gxf5 
Nxd3 22.fxg6 Nxb2 23.gxf7+ Kxf7 24.Bb3 Kg6 25.Rac1 Re8 26.Ng3 Bb6 27.f5+ 
Kg5 28.Rce1 Rf8 29.Re7 g6 30.Rxh7 1-0

[Event "XXII Festival Conca della Presolana Magistrale"]
[Site "Bratto - Castione della Presolana ITA"]
[Date "2002.08.24"]
[Round "5"]
[White "Ricci, Alfredo"]
[Black "Agnelli, Francesco"]
[Result "0-1"]
[WhiteElo "2067"]
[BlackElo "2146"]
[PlyCount "72"]
[EventDate "2002.08.20"]

1.e4 c5 2.Nf3 Nc6 3.d4 cxd4 4.Nxd4 e5 5.Nb3 Nf6 6.Nc3 Bb4 7.Bc4 O-O 8.Qd3 
a6 9.a4 d6 10.Bg5 h6 11.Bh4 Bg4 12.f3 Be6 13.O-O g5 14.Bf2 Rc8 15.Nd5 Nd7 
16.c3 Na5 17.Nxa5 Bxa5 18.b4 Bb6 19.Nxb6 Nxb6 20.Bxe6 fxe6 21.Bxb6 Qxb6+ 
22.Kh1 Rfd8 23.Rac1 Kf7 24.Rfd1 Qc6 25.a5 Qc4 26.Qe3 Rd7 27.h4 Kf6 28.Rd3 
Rc6 29.Rcd1 d5 30.hxg5+ hxg5 31.Kh2 Rh7+ 32.Kg3 Rh5 33.Re1 Rd6 34.Red1 Rd8
35.Qd2 Rd7 36.exd5 Qh4# 0-1

[Event "XXII Festival Conca della Presolana Magistrale"]
[Site "Bratto - Castione della Presolana ITA"]
[Date "2002.08.24"]
[Round "5"]
[White "Rosin, Federico"]
[Black "Bellini, Fabio"]
[Result "0-1"]
[WhiteElo "2127"]
[BlackElo "2500"]
[PlyCount "90"]
[EventDate "2002.08.20"]

1.e4 g6 2.d4 Bg7 3.Nc3 c6 4.f4 Qb6 5.Nf3 d5 6.e5 Bg4 7.Be2 e6 8.Na4 Qa5+ 
9.c3 Ne7 10.b4 Qc7 11.Be3 Nf5 12.Bf2 Bxf3 13.Bxf3 h5 14.g3 Nd7 15.O-O Bf8 
16.Qb3 Nb6 17.Nb2 Be7 18.a4 a5 19.Rfc1 O-O 20.bxa5 Rxa5 21.c4 Rfa8 22.c5 
Nd7 23.h3 b6 24.cxb6 Nxb6 25.g4 hxg4 26.hxg4 Ng7 27.Be1 R5a7 28.a5 Nd7 29.
Nd3 g5 30.f5 Ne8 31.f6 Nexf6 32.exf6 Bxf6 33.Qc3 c5 34.Nxc5 Nxc5 35.Qxc5 
Qf4 36.Qa3 Bxd4+ 37.Kg2 Bxa1 38.Rxa1 Rc8 39.Bg3 Rc2+ 40.Bf2 Rac7 41.Qa4 
R7c4 42.Qb5 Rxf2+ 43.Kxf2 Rc2+ 44.Qe2 Rxe2+ 45.Kxe2 Qe5+ 0-1

[Event "XXII Festival Conca della Presolana Magistrale"]
[Site "Bratto - Castione della Presolana ITA"]
[Date "2002.08.24"]
[Round "5"]
[White "Sedina, Elena"]
[Black "Khenkin, Igor"]
[Result "1/2-1/2"]
[WhiteElo "2416"]
[BlackElo "2598"]
[PlyCount "141"]
[EventDate "2002.08.20"]

1.e4 c6 2.c4 d5 3.exd5 Nf6 4.Nc3 cxd5 5.cxd5 Nxd5 6.Nf3 Nxc3 7.bxc3 g6 8.
d4 Bg7 9.Bd3 Nc6 10.O-O O-O 11.Re1 Qa5 12.Bd2 Bg4 13.Be4 e6 14.Rb1 Rab8 
15.a4 Rfd8 16.Rb5 Bxf3 17.Bxf3 Qc7 18.Qc1 Rbc8 19.Bf4 Qd7 20.Qb1 b6 21.d5 
Ne7 22.dxe6 fxe6 23.Qe4 Bxc3 24.Qxe6+ Qxe6 25.Rxe6 Nf5 26.Rd5 Nd4 27.Rxd8+
Rxd8 28.Re7 Nxf3+ 29.gxf3 Rd4 30.Re4 a6 31.Kf1 b5 32.axb5 axb5 33.Ke2 b4 
34.Be3 Rd8 35.Rc4 Rb8 36.Bd2 Bxd2 37.Kxd2 Rb5 38.Rc7 b3 39.Kc1 Rh5 40.Rb7 
Rxh2 41.Rxb3 Rxf2 42.Kd1 Kg7 43.Ke1 Rh2 44.Kf1 h5 45.Kg1 Rd2 46.Rb6 Kh6 
47.Rb5 h4 48.Ra5 g5 49.Ra6+ Kh5 50.Ra8 Kg6 51.Rf8 Rd5 52.Kg2 Kg7 53.Ra8 
Kf6 54.Rc8 Ke7 55.Rg8 Kf7 56.Rh8 Kg7 57.Ra8 Rd2+ 58.Kg1 Kf6 59.Ra5 Re2 60.
Rb5 Re5 61.Rb8 Rd5 62.Kf2 Rd2+ 63.Ke3 Rh2 64.Rb6+ Kg7 65.Rb7+ Kg6 66.Rb6+ 
Kh5 67.Rb8 Ra2 68.Rh8+ Kg6 69.f4 h3 70.fxg5 Kxg5 71.Kf3 1/2-1/2

[Event "XXII Festival Conca della Presolana Magistrale"]
[Site "Bratto - Castione della Presolana ITA"]
[Date "2002.08.24"]
[Round "5"]
[White "Temi, Walter"]
[Black "Campini, Marco"]
[Result "1-0"]
[WhiteElo "2073"]
[BlackElo "2169"]
[PlyCount "123"]
[EventDate "2002.08.20"]

1.e4 c5 2.Nf3 d6 3.c3 g6 4.Bb5+ Nc6 5.O-O Bg7 6.d4 cxd4 7.cxd4 Bd7 8.Nc3 
a6 9.Be2 b5 10.Re1 Nh6 11.Bg5 f6 12.Be3 Ng4 13.Bc1 b4 14.Nd5 Nh6 15.Bc4 
Na5 16.Bf1 Nc6 17.Bd2 a5 18.Rc1 O-O 19.Bb5 Nb8 20.Bxd7 Nxd7 21.Nc7 Ra7 22.
Ne6 Qe8 23.Nxf8 Nxf8 24.Qb3+ e6 25.Rc2 g5 26.Rec1 Qg6 27.Rc8 Re7 28.e5 
dxe5 29.dxe5 g4 30.Nh4 Qf7 31.exf6 Qxf6 32.g3 Nf7 33.R1c2 Nd6 34.R8c6 Ne4 
35.Be3 Nd7 36.Qd3 Qe5 37.Rc8+ Kf7 38.R8c4 Ndf6 39.Bf4 Qb5 40.Rd4 Qb7 41.
Rdc4 Qb5 42.Qe2 Qd5 43.f3 gxf3 44.Nxf3 e5 45.Ng5+ Nxg5 46.Bxg5 e4 47.Rc5 
Qd4+ 48.Be3 Qd3 49.Rc7 h5 50.Rxe7+ Kxe7 51.Qxd3 exd3 52.Rd2 Ng4 53.Rxd3 
Bxb2 54.Bb6 Ne5 55.Rd5 a4 56.Bc5+ Ke6 57.Rd6+ Kf5 58.Bxb4 a3 59.Ra6 Nd3 
60.Ra5+ Kg4 61.Bxa3 Bc3 62.Rd5 1-0

[Event "XXII Festival Conca della Presolana Magistrale"]
[Site "Bratto - Castione della Presolana ITA"]
[Date "2002.08.24"]
[Round "5"]
[White "Trabert, Bettina"]
[Black "Cazzaniga, Walter"]
[Result "1/2-1/2"]
[WhiteElo "2320"]
[BlackElo "2121"]
[PlyCount "104"]
[EventDate "2002.08.20"]

1.e4 Nf6 2.e5 Nd5 3.d4 d6 4.Nf3 Bg4 5.Be2 e6 6.c4 Nb6 7.exd6 cxd6 8.O-O 
Be7 9.b3 O-O 10.Be3 d5 11.c5 Nc8 12.b4 a6 13.Nc3 Nc6 14.Rb1 Bf6 15.h3 Bxf3
16.Bxf3 N8e7 17.g4 Ng6 18.Bh1 Bh4 19.f4 f5 20.Ne2 fxg4 21.hxg4 Nge7 22.Bf2
Bxf2+ 23.Rxf2 h5 24.gxh5 Nf5 25.Qd2 Qf6 26.Rd1 Kf7 27.Rg2 Rh8 28.Rg5 Rh6 
29.Bf3 Rah8 30.Bg4 Nce7 31.Kf2 g6 32.hxg6+ Nxg6 33.Rg1 Rh2+ 34.Rg2 Nge7 
35.Ng3 Rxg2+ 36.Kxg2 Qxd4 37.Qxd4 Nxd4 38.a4 Nc2 39.f5 Ne3+ 40.Kf3 Nxg4 
41.fxe6+ Kxe6 42.Rxg4 Rh2 43.Ne2 Rh3+ 44.Kf2 Ra3 45.b5 axb5 46.axb5 Kd7 
47.Rg7 Ra2 48.Ke3 Rc2 49.c6+ bxc6 50.Nd4 Rc4 51.Nxc6 Re4+ 52.Kd3 Kd6 
1/2-1/2

[Event "XXII Festival Conca della Presolana Magistrale"]
[Site "Bratto - Castione della Presolana ITA"]
[Date "2002.08.25"]
[Round "6"]
[White "Agnelli, Francesco"]
[Black "Mascheroni, Maurizio"]
[Result "1/2-1/2"]
[WhiteElo "2146"]
[BlackElo "2068"]
[PlyCount "60"]
[EventDate "2002.08.20"]

1.e4 d6 2.d4 Nf6 3.Nc3 g6 4.Bg5 Bg7 5.Qd2 c6 6.Bd3 Qa5 7.Nge2 Nbd7 8.f3 e5
9.h4 h5 10.a3 Ng8 11.Bc4 exd4 12.Nxd4 Qc5 13.Bxf7+ Kxf7 14.Nb3 Qe5 15.f4 
Qe6 16.O-O Ndf6 17.Rae1 Ne8 18.f5 Qc4 19.fxg6+ Kxg6 20.Ne2 Ngf6 21.Bxf6 
Nxf6 22.Qg5+ Kf7 23.Nf4 Bg4 24.e5 dxe5 25.Rxe5 Rad8 26.Qg6+ Kf8 27.Qg5 Rh6
28.Ng6+ Rxg6 29.Qxg6 Qf7 30.Qg5 Rd5 1/2-1/2

[Event "XXII Festival Conca della Presolana Magistrale"]
[Site "Bratto - Castione della Presolana ITA"]
[Date "2002.08.25"]
[Round "6"]
[White "Barlocco, Carlo"]
[Black "Vancini, Edoardo"]
[Result "0-1"]
[WhiteElo "2136"]
[BlackElo "2307"]
[PlyCount "58"]
[EventDate "2002.08.20"]

1.d4 Nf6 2.c4 c5 3.d5 e6 4.Nc3 exd5 5.cxd5 d6 6.e4 g6 7.f4 Bg7 8.Bb5+ Nfd7
9.Nf3 a6 10.Bd3 b5 11.O-O O-O 12.Rb1 Nb6 13.Ne2 Bg4 14.b4 N8d7 15.Bb2 Bxb2
16.Rxb2 Qf6 17.Qd2 Rac8 18.bxc5 Rxc5 19.Ned4 Bxf3 20.Nxf3 Nc4 21.Bxc4 Rxc4
22.e5 dxe5 23.fxe5 Nxe5 24.Ng5 Qb6+ 25.Qf2 Qd8 26.Qf6 Qxf6 27.Rxf6 Ng4 28.
Rf1 Ne3 29.Rf3 Rc1+ 0-1

[Event "XXII Festival Conca della Presolana Magistrale"]
[Site "Bratto - Castione della Presolana ITA"]
[Date "2002.08.25"]
[Round "6"]
[White "Bellia, Fabrizio"]
[Black "Ceresoli, Luigi"]
[Result "1/2-1/2"]
[WhiteElo "2412"]
[BlackElo "2204"]
[PlyCount "163"]
[EventDate "2002.08.20"]

1.e4 e5 2.Nf3 Nc6 3.d4 exd4 4.Nxd4 Bc5 5.Nxc6 bxc6 6.Bd3 Qh4 7.g3 Qh3 8.
Bf1 Qe6 9.Qd3 Nf6 10.Bg2 a5 11.Nd2 Ba6 12.c4 Ng4 13.O-O h5 14.h3 Ne5 15.
Qc3 Nxc4 16.Rd1 Qe5 17.Qc2 Bxf2+ 18.Kh1 Ne3 19.Nf3 Nxc2 20.Nxe5 Nxa1 21.
Bf4 Nc2 22.Rd2 Be3 23.Rxc2 Bxf4 24.gxf4 c5 25.Rc3 d6 26.Nf3 Bb7 27.Rd3 O-O
28.f5 Rfe8 29.Ng5 g6 30.fxg6 fxg6 31.h4 Re7 32.Kh2 Rf8 33.Kg3 Bc6 34.b3 a4
35.Rc3 axb3 36.axb3 Bb5 37.Rc1 Rb8 38.Kf4 Bd3 39.Rc3 Rf8+ 40.Kg3 Bf1 41.
Bf3 Rb8 42.Bd1 Kg7 43.Bc2 Rb4 44.Kf3 Bb5 45.Kg3 c4 46.Kf3 cxb3 47.Bxb3 Bd7
48.Bd5 Bc8 49.Kg3 c5 50.Rd3 Rb6 51.Kf4 Bg4 52.Ra3 Rb8 53.Ra6 Rf8+ 54.Ke3 
Rd8 55.Rb6 Kf6 56.Kf4 Kg7 57.Ra6 Rf8+ 58.Ke3 Rd8 59.Kf4 Be2 60.Rb6 Bg4 61.
Ra6 Kf8 62.Ke3 Rc7 63.Bc4 Ke7 64.Ra2 Rf8 65.Ra1 Rf6 66.Ra6 Be6 67.e5 Bxc4 
68.exf6+ Kxf6 69.Rxd6+ Kg7 70.Kd2 Bf7 71.Kc3 Bg8 72.Ne4 Ba2 73.Kb2 Bg8 74.
Kc3 c4 75.Ng5 Ra7 76.Rc6 Re7 77.Kd4 Rd7+ 78.Ke5 Rd5+ 79.Ke4 Rd7 80.Ke5 
Rd5+ 81.Ke4 Rd7 82.Ke5 1/2-1/2

[Event "XXII Festival Conca della Presolana Magistrale"]
[Site "Bratto - Castione della Presolana ITA"]
[Date "2002.08.25"]
[Round "6"]
[White "Bellincampi, Stefano"]
[Black "Astengo, Corrado"]
[Result "0-1"]
[WhiteElo "2082"]
[BlackElo "2195"]
[PlyCount "150"]
[EventDate "2002.08.20"]

1.e4 e6 2.d4 d5 3.e5 c5 4.c3 Qb6 5.a3 c4 6.Nd2 Bd7 7.Ngf3 Nc6 8.Be2 f6 9.
b4 cxb3 10.Nxb3 fxe5 11.dxe5 Qc7 12.Bf4 Nge7 13.O-O Ng6 14.Bg3 Be7 15.Nbd4
a6 16.Bd3 O-O 17.Qc2 Nxd4 18.Nxd4 Nxe5 19.Bxh7+ Kh8 20.Qe2 Kxh7 21.Qh5+ 
Kg8 22.Bxe5 Bd6 23.Rfe1 Bxe5 24.Qxe5 Qxe5 25.Rxe5 Rf6 26.Rae1 Rc8 27.R1e3 
Rc4 28.g3 Ra4 29.Nc2 Kf7 30.f4 g6 31.h4 Rf5 32.Kf2 Rxe5 33.Rxe5 Rc4 34.Re3
Ra4 35.Kf3 Bc6 36.Kg4 Kf6 37.h5 gxh5+ 38.Kxh5 Be8+ 39.Kg4 Bg6 40.Nd4 Be4 
41.Kh5 Rxa3 42.g4 Ra1 43.g5+ Kf7 44.Rg3 Rh1+ 45.Kg4 Rf1 46.Rh3 Rg1+ 47.Kh5
Rf1 48.Rh4 Rc1 49.Rh3 b6 50.Kh6 Rg1 51.Nc6 Bf5 52.Rh2 Rg3 53.Ne5+ Ke7 54.
g6 Kf6 55.Nd7+ Ke7 56.Ne5 Bxg6 57.Nxg6+ Kf6 58.Ne5 Rxc3 59.Nd7+ Kf5 60.
Nxb6 Kxf4 61.Nd7 d4 62.Rh4+ Ke3 63.Nf6 d3 64.Re4+ Kf3 65.Rxe6 d2 66.Rd6 
Ke2 67.Nd5 Rc4 68.Re6+ Kd3 69.Rd6 Rd4 70.Kg5 d1=Q 71.Nf4+ Kc4 72.Rxa6 Qg1+
73.Kf5 Kb5 74.Re6 Qf2 75.Re4 Qc2 0-1

[Event "XXII Festival Conca della Presolana Magistrale"]
[Site "Bratto - Castione della Presolana ITA"]
[Date "2002.08.25"]
[Round "6"]
[White "Bellini, Fabio"]
[Black "Drabke, Lorenz Maximilian"]
[Result "1-0"]
[WhiteElo "2500"]
[BlackElo "2362"]
[PlyCount "69"]
[EventDate "2002.08.20"]

1.e4 d5 2.exd5 Qxd5 3.Nc3 Qa5 4.g3 Nf6 5.Bg2 Bg4 6.Nge2 c6 7.h3 Bxe2 8.
Qxe2 e6 9.O-O Nbd7 10.a3 Be7 11.Rb1 a6 12.b4 Qe5 13.Qxe5 Nxe5 14.Re1 Ned7 
15.d3 Nb6 16.Bd2 O-O-O 17.a4 Nbd5 18.Nxd5 Nxd5 19.b5 axb5 20.axb5 c5 21.b6
Rd6 22.c4 Nb4 23.Bxb4 cxb4 24.Rxb4 Rxd3 25.c5 Kd7 26.Rc4 Rb8 27.Ra1 Kc8 
28.Ra7 Bf6 29.c6 bxc6 30.Rxc6+ Kd8 31.Rxf7 Ke8 32.Rfc7 Rb3 33.Rxe6+ Kd8 
34.Rd6+ Ke8 35.b7 1-0

[Event "XXII Festival Conca della Presolana Magistrale"]
[Site "Bratto - Castione della Presolana ITA"]
[Date "2002.08.25"]
[Round "6"]
[White "Bertazzo, Giorgio"]
[Black "Fuggetta, Leonardo"]
[Result "0-1"]
[WhiteElo "2158"]
[BlackElo "2051"]
[PlyCount "46"]
[EventDate "2002.08.20"]

1.e4 d6 2.d4 Nf6 3.Nc3 Nbd7 4.f4 e5 5.Nf3 c6 6.Be2 Qc7 7.a4 Be7 8.O-O O-O 
9.a5 Re8 10.Bc4 exd4 11.Nxd4 d5 12.exd5 cxd5 13.Bxd5 Nxd5 14.Nxd5 Qc5 15.
Nxe7+ Rxe7 16.Qd3 Nf6 17.b4 Qh5 18.c4 Bd7 19.Bd2 Rae8 20.Rae1 Ne4 21.Bc3 
a6 22.Bd2 Bh3 23.Bc1 Bxg2 0-1

[Event "XXII Festival Conca della Presolana Magistrale"]
[Site "Bratto - Castione della Presolana ITA"]
[Date "2002.08.25"]
[Round "6"]
[White "Bonanno, Alessandro"]
[Black "Trabert, Bettina"]
[Result "0-1"]
[WhiteElo "2094"]
[BlackElo "2320"]
[PlyCount "84"]
[EventDate "2002.08.20"]

1.e4 e5 2.f4 exf4 3.Nf3 d6 4.Bc4 h6 5.d3 g5 6.g3 Nc6 7.gxf4 g4 8.Ng1 Qh4+ 
9.Kf1 Be6 10.Bxe6 fxe6 11.Be3 O-O-O 12.Kg2 d5 13.exd5 exd5 14.Bf2 Qh5 15.
Nc3 Nf6 16.Nce2 d4 17.Ng3 Qd5+ 18.Ne4 h5 19.Qe2 Re8 20.Re1 Bb4 21.Bh4 Nxe4
22.dxe4 Qxa2 23.c3 dxc3 24.bxc3 Qxe2+ 25.Nxe2 Ba5 26.e5 Ne7 27.Bxe7 Rxe7 
28.Rd1 c6 29.Rd3 h4 30.Rhd1 Bc7 31.c4 Rf8 32.Rd4 b6 33.Nc3 Rg7 34.e6 Rxf4 
35.Rxf4 Bxf4 36.Re1 Bg5 37.Kf2 Rh7 38.Ne4 Be7 39.Re3 Bd8 40.Kg1 b5 41.cxb5
cxb5 42.Re2 Bb6+ 0-1

[Event "XXII Festival Conca della Presolana Magistrale"]
[Site "Bratto - Castione della Presolana ITA"]
[Date "2002.08.25"]
[Round "6"]
[White "Borgo, Giulio"]
[Black "Preiss, Martin"]
[Result "1/2-1/2"]
[WhiteElo "2420"]
[BlackElo "2265"]
[PlyCount "105"]
[EventDate "2002.08.20"]

1.c4 f5 2.Nc3 Nf6 3.d3 e5 4.e4 fxe4 5.dxe4 Bb4 6.Qd3 Na6 7.Bd2 Nc5 8.Qc2 
Bxc3 9.Qxc3 Ncxe4 10.Qxe5+ Kf7 11.Qd4 Nxd2 12.Qxd2 Re8+ 13.Ne2 b5 14.cxb5 
a6 15.b6 c6 16.Qa5 Rb8 17.O-O-O Qxb6 18.Qxb6 Rxb6 19.f3 Nd5 20.Ng3 Ne3 21.
Rd3 d5 22.Ne4 Nf5 23.Nc3 Re1+ 24.Rd1 Rxd1+ 25.Nxd1 c5 26.Bd3 d4 27.Re1 Nh4
28.Re5 Rc6 29.Be4 Rc7 30.g3 Ng6 31.Rh5 Nf8 32.b3 g6 33.Re5 Be6 34.Nb2 Nd7 
35.Rg5 Kf6 36.f4 Bf7 37.Rg4 Nb6 38.Rg5 Nd7 39.Rg4 Nb6 40.Kd2 c4 41.bxc4 
Nxc4+ 42.Nxc4 Rxc4 43.Bc2 Rb4 44.Rg5 Bxa2 45.Ra5 Bc4 46.Bd3 Bb5 47.Bxb5 
axb5 48.Kd3 Kf5 49.Ra7 h5 50.Rf7+ Ke6 51.Rg7 Kf6 52.Rb7 Kf5 53.Rf7+ 
1/2-1/2

[Event "XXII Festival Conca della Presolana Magistrale"]
[Site "Bratto - Castione della Presolana ITA"]
[Date "2002.08.25"]
[Round "6"]
[White "Brancaleoni, Maurizio"]
[Black "Isonzo, David"]
[Result "1/2-1/2"]
[WhiteElo "2249"]
[BlackElo "2337"]
[PlyCount "27"]
[EventDate "2002.08.20"]

1.c4 c5 2.g3 Nc6 3.Bg2 g6 4.Nc3 Bg7 5.a3 a6 6.Rb1 Rb8 7.b4 cxb4 8.axb4 b5 
9.cxb5 axb5 10.Nf3 Nf6 11.O-O O-O 12.d4 d5 13.Bf4 Rb6 14.Ne5 1/2-1/2

[Event "XXII Festival Conca della Presolana Magistrale"]
[Site "Bratto - Castione della Presolana ITA"]
[Date "2002.08.25"]
[Round "6"]
[White "Bresciani, Nicola"]
[Black "Griffa, Roberto"]
[Result "1-0"]
[WhiteElo "2270"]
[BlackElo "2080"]
[PlyCount "147"]
[EventDate "2002.08.20"]

1.e4 c6 2.d4 d5 3.Nd2 dxe4 4.Nxe4 h6 5.Nf3 Bf5 6.Ng3 Bh7 7.Bd3 Bxd3 8.Qxd3
e6 9.O-O Nf6 10.Re1 Be7 11.Bd2 O-O 12.Qe2 c5 13.dxc5 Bxc5 14.c4 Nc6 15.Bc3
Qe7 16.a3 a5 17.Qc2 Qc7 18.Bxf6 gxf6 19.Re4 f5 20.Rh4 Rfd8 21.Rxh6 Nd4 22.
Nxd4 Rxd4 23.Ne2 Rxc4 24.Qd2 Qe5 25.Rh3 f4 26.Rd3 Rc8 27.Kf1 Bb6 28.Nc3 
Rd4 29.Re1 Rxd3 30.Qxd3 Qd4 31.Qe2 Kf8 32.Rd1 Qc4 33.Qxc4 Rxc4 34.Rd7 Bd4 
35.Nb5 Bxb2 36.Rxb7 Ra4 37.Nd6 Bxa3 38.Nxf7 Rb4 39.Ra7 Ra4 40.Ng5 e5 41.
Ne6+ Kg8 42.h4 f3 43.gxf3 Rxh4 44.Rxa5 Bb2 45.Rb5 Ba1 46.Ng5 Ra4 47.Kg2 
Kg7 48.Kg3 Kf6 49.Ne4+ Kf5 50.Rb6 Rxe4 51.fxe4+ Kxe4 52.Rb1 Bd4 53.Rd1 Kf5
54.f3 Be3 55.Re1 Bf4+ 56.Kh3 Bg5 57.Re4 Bd8 58.Kg3 Bg5 59.Kf2 Bd8 60.Ke2 
Ke6 61.Kd3 Kf5 62.Kc4 Ke6 63.Rg4 Bf6 64.Rg8 Be7 65.Re8 Kd7 66.Rh8 Ke6 67.
Rh5 Ba3 68.Kd3 Bb2 69.Ke4 Kf6 70.Rf5+ Ke6 71.Rf8 Ke7 72.Ra8 Kf6 73.Ra6+ 
Ke7 74.Kf5 1-0

[Event "XXII Festival Conca della Presolana Magistrale"]
[Site "Bratto - Castione della Presolana ITA"]
[Date "2002.08.25"]
[Round "6"]
[White "Cacco, Christian"]
[Black "Belotti, Bruno"]
[Result "1/2-1/2"]
[WhiteElo "2248"]
[BlackElo "2430"]
[PlyCount "74"]
[EventDate "2002.08.20"]

1.d4 Nf6 2.Nf3 g6 3.g3 Bg7 4.Bg2 O-O 5.O-O d6 6.Nbd2 c5 7.c3 Nc6 8.e4 cxd4
9.Nxd4 Bg4 10.Nxc6 bxc6 11.Qa4 Be2 12.Re1 Bb5 13.Qd1 Nd7 14.c4 Ba6 15.Rb1 
Ne5 16.Qc2 c5 17.b3 Qa5 18.Bb2 Bb7 19.f4 Nc6 20.Bxg7 Kxg7 21.e5 Nd4 22.Qb2
Qc7 23.exd6 exd6 24.Re3 Rfe8 25.Rbe1 Kf8 26.Qb1 Bxg2 27.Kxg2 Qc6+ 28.Kf2 
f5 29.Nf3 Nxf3 30.Rxf3 Rxe1 31.Qxe1 Re8 32.Re3 Rxe3 33.Kxe3 Qg2 34.Qd2 
Qg1+ 35.Kf3 Qf1+ 36.Qf2 Qd3+ 37.Qe3 Qf1+ 1/2-1/2

[Event "XXII Festival Conca della Presolana Magistrale"]
[Site "Bratto - Castione della Presolana ITA"]
[Date "2002.08.25"]
[Round "6"]
[White "Campini, Marco"]
[Black "Ricci, Alfredo"]
[Result "1-0"]
[WhiteElo "2169"]
[BlackElo "2067"]
[PlyCount "87"]
[EventDate "2002.08.20"]

1.e4 c5 2.Nf3 e6 3.d4 cxd4 4.Nxd4 Nf6 5.Bd3 Nc6 6.Nxc6 dxc6 7.O-O e5 8.Nc3
Be6 9.a4 a5 10.Kh1 Bc5 11.Qe2 O-O 12.Nd1 Qe7 13.Bg5 h6 14.Bh4 g5 15.Bg3 
Nd7 16.Qh5 Kg7 17.Ne3 Bxe3 18.fxe3 f6 19.c3 Rad8 20.Qe2 Nb6 21.Rf2 Bb3 22.
h4 Qd7 23.Bc2 Bxc2 24.Qxc2 Qd3 25.Qb3 Qxe3 26.Rf3 Qc5 27.Bf2 Qc4 28.Qxb6 
Qxe4 29.Re1 Qd5 30.Qxb7+ Rf7 31.Qb6 g4 32.Rfe3 Rdd7 33.R3e2 Qc4 34.Re4 Qe6
35.Qxa5 h5 36.Qc5 Rd2 37.R4e2 Rfd7 38.Qe3 R2d3 39.Qe4 R7d5 40.Bd4 R3xd4 
41.cxd4 f5 42.Qf4 Qe7 43.Rxe5 Qxh4+ 44.Kg1 1-0

[Event "XXII Festival Conca della Presolana Magistrale"]
[Site "Bratto - Castione della Presolana ITA"]
[Date "2002.08.25"]
[Round "6"]
[White "Capece, Adolivio"]
[Black "Benincasa, Marco"]
[Result "1-0"]
[WhiteElo "2067"]
[BlackElo "2030"]
[PlyCount "39"]
[EventDate "2002.08.20"]

1.c4 c5 2.Nc3 g6 3.g3 Bg7 4.Bg2 Nc6 5.d3 d6 6.Bg5 f6 7.Bd2 e5 8.Nd5 Nge7 
9.Qc1 O-O 10.h4 Be6 11.h5 Kf7 12.Nf3 Bxd5 13.cxd5 Nb4 14.a3 Na6 15.Qc4 Qd7
16.Bh3 Qc7 17.Be6+ Ke8 18.hxg6 hxg6 19.Rh7 Rh8 20.Qh4 1-0